Statistics for 90's Music Quiz

Click here to take the quiz!

General Stats

  • This quiz has been taken 335 times
  • The average score is 9 of 20

Answer Stats

HintAnswerArtist% Correct
Keep your hands off me!U Can't Touch ThisMC Hammer
83%
Song released that was added to the first of the 'Shrek' movies.All StarSmash Mouth
76%
Structure created by water.WaterfallsTLC
72%
#1 song of the nineties according to the Rolling Stone MagazineSmells Like Teen SpiritNirvana
71%
Considered the song that got this band famous and is their No.1 song in terms of single sales.Under The BridgeRed Hot Chili Peppers
69%
Love Theme From TitanicMy Heart will Go OnCeline Dion
67%
Too much for his shirt, car, Milan and hat among other things.I'm Too SexyRight Said Fred
64%
Loss of FaithLosing my ReligionR.E.M
63%
Opposite ColoursBlack or WhiteMichael Jackson
57%
Catchy Famous Spanish song which includes many hand movements.MacarenaLos Del Rio
53%
18th century childs prayer included into this song in the 'Black' AlbumEnter SandmanMetallica
52%
The first of two song to reach #1 in the US by this artist in 1990VogueMadonna
40%
Pleasant lyrics of, "**** you. I won’t do what you tell me."Killing in the NameRage against the machine.
37%
Went to #1 in 19 countries, which kickstarted her major pop career...Baby One More TimeBritney Speares
37%
Immortality.Live ForeverOasis
30%
Rear end of an insect. Unusual names are a trend for this band.BeetlebumBlur
23%
Song is essentially talking about the birds and the bees without saying anything explicitPonyGinuwine
22%
Last song recorded before Cobain's death, but not released in an album till 2002You Know You're RightNirvana
13%
Used an Instrumental track from "Genius of Love" in this mystical song.FantasyMariah Carey
11%
Will Smith's first solo songGettin' Jiggy Wit ItWill Smith
8%

Score Distribution

Percentile by Number Answered

Percent of People with Each Score

Your Score History

You have not taken this quiz